| 000 -LEADER |
| fixed length control field |
01297mam a2200385 a 4500 |
| 001 - CONTROL NUMBER |
| control field |
1790764 |
| 003 - CONTROL NUMBER IDENTIFIER |
| control field |
OSt |
| 005 - DATE AND TIME OF LATEST TRANSACTION |
| control field |
20170105101214.0 |
| 008 - FIXED-LENGTH DATA ELEMENTS--GENERAL INFORMATION |
| fixed length control field |
850912s1986 caua bs s001 0 eng |
| 010 ## - LIBRARY OF CONGRESS CONTROL NUMBER |
| LC control number |
85022282 //r88 |
| 020 ## - INTERNATIONAL STANDARD BOOK NUMBER |
| International Standard Book Number |
0520057090 : |
| Terms of availability |
$32.50 |
| 020 ## - INTERNATIONAL STANDARD BOOK NUMBER |
| International Standard Book Number |
0520058194 (pbk.) |
| 035 ## - SYSTEM CONTROL NUMBER |
| System control number |
(OCoLC)ocm12664370 |
| 035 ## - SYSTEM CONTROL NUMBER |
| System control number |
(NNC)1790764 |
| 040 ## - CATALOGING SOURCE |
| Original cataloging agency |
DLC |
| Transcribing agency |
DLC |
| 041 1# - LANGUAGE CODE |
| Language code of text/sound track or separate title |
engdut |
| 050 0# - LIBRARY OF CONGRESS CALL NUMBER |
| Classification number |
HC59 |
| Item number |
.W38513 1986 |
| 082 00 - DEWEY DECIMAL CLASSIFICATION NUMBER |
| Classification number |
330.9/04 |
| Edition number |
19 |
| 100 1# - MAIN ENTRY--PERSONAL NAME |
| Personal name |
Wee, Herman van der. |
| 240 10 - UNIFORM TITLE |
| Uniform title |
Gebroken welvaartscirkel. |
| Language of a work |
English |
| 245 10 - TITLE STATEMENT |
| Title |
Prosperity and upheaval : |
| Remainder of title |
the world economy, 1945-1980 / |
| Statement of responsibility, etc. |
Herman van der Wee ; translated by Robin Hogg and Max R. Hall. |
| 260 ## - PUBLICATION, DISTRIBUTION, ETC. |
| Place of publication, distribution, etc. |
Berkeley : |
| Name of publisher, distributor, etc. |
University of California Press, |
| Date of publication, distribution, etc. |
c1986. |
| 300 ## - PHYSICAL DESCRIPTION |
| Extent |
621 p. : |
| Other physical details |
ill. ; |
| Dimensions |
23 cm. |
| 490 1# - SERIES STATEMENT |
| Series statement |
History of the world economy in the twentieth century ; |
| Volume/sequential designation |
v. 6 |
| 500 ## - GENERAL NOTE |
| General note |
Translation of: De gebroken welvaartscirkel. |
| 500 ## - GENERAL NOTE |
| General note |
Spine title: Prosperity & upheaval. |
| 500 ## - GENERAL NOTE |
| General note |
Series from jacket. |
| 500 ## - GENERAL NOTE |
| General note |
Includes index. |
| 504 ## - BIBLIOGRAPHY, ETC. NOTE |
| Bibliography, etc. note |
Bibliography: p. [567]-607. |
| 650 #0 - SUBJECT ADDED ENTRY--TOPICAL TERM |
| Topical term or geographic name entry element |
Economic history |
| Chronological subdivision |
1945- |
| 740 01 - ADDED ENTRY--UNCONTROLLED RELATED/ANALYTICAL TITLE |
| Uncontrolled related/analytical title |
Prosperity & upheaval. |
| 830 #0 - SERIES ADDED ENTRY--UNIFORM TITLE |
| Uniform title |
History of the world economy in the twentieth century ; |
| Volume/sequential designation |
v. 6. |
| 942 ## - ADDED ENTRY ELEMENTS (KOHA) |
| Source of classification or shelving scheme |
|
| Koha item type |
Book |